| 000 | 00677nam a2200133Ia 4500 | ||
|---|---|---|---|
| 008 | 171212s9999 xx 000 0 und d | ||
| 020 | _a9781760460389 | ||
| 245 |
_ceditor Butcher, John;Gilchrist, David _aThe Three Sector Solution _bDelivering public policy in collaboration with not-for-profits and business |
||
| 260 |
_bANU E Press _c2016 |
||
| 440 | _aAustralia and New Zealand School of Government (ANZSOG) | ||
| 650 | _aNonprofit organizations -- Political aspects; Nonprofit organizations -- Government policy; Public-private sector cooperation -- Government policy; Public administration | ||
| 650 | _aPolitical Science | ||
| 856 | _uhttp://jstor.org/stable/j.ctt1rqc9kc | ||
| 999 |
_c351391 _d351391 |
||